La crisis de la democracia occidental / (Record no. 92534)

MARC details
000 -LEADER
campo de control de longitud fija 00779nam a2200229 i 4500
001 - NÚMERO DE CONTROL
campo de control 92534
003 - IDENTIFICADOR DE NÚMERO DE CONTROL
campo de control ES-MaACL
005 - FECHA Y HORA DE LA ÚLTIMA TRANSACCIÓN
campo de control 20231205172727.0
007 - CAMPO FIJO DE DESCRIPCIÓN FÍSICA--INFORMACIÓN GENERAL
campo de control de longitud fija t|
008 - DATOS DE LONGITUD FIJA--INFORMACIÓN GENERAL
campo de control de longitud fija 050310s1956 sp ||||1| spa d
100 1# - ENTRADA PRINCIPAL--NOMBRE DE PERSONA
Nombre de persona Lippmann, Walter.
9 (RLIN) 72505
245 13 - MENCIÓN DEL TÍTULO
Título La crisis de la democracia occidental /
Mención de responsabilidad, etc. Walter Lippmann; con un prólogo de Rafael Calvo Serer; versión española de Julio Fernández Yañez.
260 ## - PUBLICACIÓN, DISTRIBUCIÓN, ETC.
Lugar de publicación, distribución, etc. Barcelona :
Nombre del editor, distribuidor, etc. Hispano Europea,
Fecha de publicación, distribución, etc. [1956]
300 ## - DESCRIPCIÓN FÍSICA
Extensión XXXI, 207 p. ;
Dimensiones 21 cm.
490 1# - MENCIÓN DE SERIE
Mención de serie Galileo
700 1# - ENTRADA AGREGADA--NOMBRE PERSONAL
Nombre de persona Calvo Serer, Rafael,
Fechas asociadas al nombre 1916-1988
9 (RLIN) 33911
700 1# - ENTRADA AGREGADA--NOMBRE PERSONAL
Nombre de persona Fernández-Yáñez, Julio.
9 (RLIN) 50195
830 0# - PUNTO DE ACCESO ADICIONAL DE SERIE-TÍTULO UNIFORME
Título uniforme Galileo
9 (RLIN) 182278
852 ## - LOCALIZACIÓN
Ubicación ES-MaACL
Número de control de estantería C-10387
Sublocalización o colección R.38385
852 ## - LOCALIZACIÓN
Ubicación ES-MaACL
Número de control de estantería C-18192
Sublocalización o colección R.46320
Holdings
Estatus retirado Estado de pérdida Estado de daño No para préstamo Biblioteca de origen Biblioteca actual Ubicación en estantería Fecha de adquisición Fuente de adquisición Total de préstamos Signatura topográfica completa Código de barras Visto por última vez Precio de reemplazo Tipo de ítem Koha
        Biblioteca del Ateneo de Madrid Biblioteca del Ateneo de Madrid Galería 17/01/2008     C-18192 1096606 23/02/2023 23/02/2023 Libro impreso
        Biblioteca del Ateneo de Madrid Biblioteca del Ateneo de Madrid Sala Palomar 17/01/2008     C-10387 1096605 23/02/2023 23/02/2023 Libro impreso